| 000 | 01079nam a2200217Ia 4500 | ||
|---|---|---|---|
| 003 | Ost | ||
| 005 | 20260507074959.0 | ||
| 008 | 260507s9999||||xx |||||||||||||| ||und|| | ||
| 040 | _cfsecg | ||
| 041 | _aara | ||
| 082 | _a658 | ||
| 100 |
_aسليمان، عدنان _eمؤلف |
||
| 245 | 0 |
_aاقتصاد السوق الاجتماعي واتجاهات تطوره المستقبلية / _c عدنان سليمان |
|
| 260 |
_aدمشق: _bدار الرضا للنشر, _c2005 |
||
| 300 |
_a156 صفحة؛ _c22 سم |
||
| 490 |
_aسلسلة الرضا للمعلومات _v252 |
||
| 520 | _aاقتصاد السوق مقاربات معرفية ونظرية،اقتصاد السوق الاجتماعي الرؤية والمفهوم،النموذج العملي لاقتصاد السوق الاجتماعي،إمكانيات نقل وتطبيق اقتصاد السوق الاجتماعي،اتجاهات التطور المستقبلية لاقتصاد السوق الاجتماعي | ||
| 653 | _aالأسواق-البحوث | ||
| 653 | _aالاقتصاد | ||
| 942 | _cكتاب | ||
| 999 |
_c42054 _d42054 |
||